000 00391cam a2200169ua 4500
020 _c1800/-
041 _aeng
_h
082 _a635
_bSIN/HI
100 _aD.K, Singh .
245 _aHigh tech horticulture /
_cSingh D.k.
_hTextual Documents
260 _aUdapur :
_bATTPA ,
_c2004.
300 _a ;
_e`.
365 _a1800/-
504 _a
942 _cBK
999 _c13074
_d13074